[Event "Roncana op-C 9th"]
[Site "Santa Eulalia de Roncana"]
[Date "2015.11.07"]
[Round "5"]
[White "Duran Valdivia, Pol"]
[Black "Al Badwan Mendieta, Nabih"]
[Result "0-1"]
[WhiteElo "1696"]
[BlackElo "1742"]
[PlyCount "70"]
[EventDate "2015.10.03"]
[EventType "swiss"]
[EventRounds "8"]
[EventCountry "ESP"]
[SourceTitle "EXT 2017"]
[Source "ChessBase"]
[SourceDate "2016.10.25"]
[SourceVersion "1"]
[SourceVersionDate "2016.10.25"]
[SourceQuality "1"]

1. e4 e5 2. Nf3 Nc6 3. Nc3 Nf6 4. Bc4 Bc5 5. 0-0 0-0 6. d3 h6 7. Na4 Bb6 8. Nxb6 axb6 9. Bd2 d6 10. c3 Nd7 11. d4 Qf6 12. Be3 Qg6 13. Bb5 Ndb8 14. Bxc6 Nxc6 15. Nh4 Qf6 16. Nf5 Bxf5 17. exf5 Qxf5 18. h3 Rad8 19. g4 Qg6 20. f3 Rfe8 21. f4 exf4 22. Bxf4 Na5 23. d5 Nc4 24. Qf3 Nxb2 25. Rfe1 Qf6 26. Re2 Na4 27. c4 Rxe2 28. Qxe2 Qxf4 29. Qe7 Rf8 30. Qxc7 Qd4+ 31. Kf1 Qxa1+ 32. Kf2 Qxa2+ 33. Kf3 Qa3+ 34. Kf4 Qxh3 35. Qxb6 Qh2+ 0-1

[Event "Roncana op-C 9th"]
[Site "Santa Eulalia de Roncana"]
[Date "2015.10.31"]
[Round "4"]
[White "Katz Garcia, Werner"]
[Black "Duran Valdivia, Pol"]
[Result "0-1"]
[WhiteElo "1672"]
[BlackElo "1696"]
[PlyCount "66"]
[EventDate "2015.10.03"]
[EventType "swiss"]
[EventRounds "8"]
[EventCountry "ESP"]
[SourceTitle "EXT 2017"]
[Source "ChessBase"]
[SourceDate "2016.10.25"]
[SourceVersion "1"]
[SourceVersionDate "2016.10.25"]
[SourceQuality "1"]

1. e4 c5 2. Bc4 d6 3. Nf3 Nf6 4. Nc3 g6 5. d3 Bg7 6. 0-0 0-0 7. Bg5 Nbd7 8. Bh4 a6 9. Ng5 h6 10. Nxf7 Rxf7 11. Bxf7+ Kxf7 12. d4 b5 13. dxc5 Nxc5 14. f4 Bg4 15. Ne2 Ncxe4 16. Qd3 Bxe2 17. Qxe2 d5 18. f5 g5 19. Bf2 Qc7 20. Bg3 Qc5+ 21. Bf2 Qd6 22. Bg3 Nxg3 23. hxg3 Qxg3 24. Rae1 Bf8 25. Qe3 Qxe3+ 26. Rxe3 d4 27. Rd3 Rd8 28. Rfd1 Ng4 29. Rxd4 Rxd4 30. Rxd4 h5 31. Kf1 Bg7 32. Rd7 Ne3+ 33. Ke2 Be5 0-1

[Event "Roncana op-C 8th"]
[Site "Santa Eulalia de Roncana"]
[Date "2014.11.01"]
[Round "3"]
[White "Salvany Alonso, Artur"]
[Black "Duran Valdivia, Pol"]
[Result "1-0"]
[WhiteElo "1715"]
[BlackElo "1700"]
[PlyCount "59"]
[EventDate "2014.10.11"]
[EventType "swiss"]
[EventRounds "8"]
[EventCountry "ESP"]
[SourceTitle "EXT 2016"]
[Source "ChessBase"]
[SourceDate "2015.10.08"]
[SourceVersion "1"]
[SourceVersionDate "2015.10.08"]
[SourceQuality "1"]

1. e4 e5 2. Nf3 Nc6 3. Bc4 Bc5 4. 0-0 Nf6 5. Nc3 0-0 6. d3 a6 7. Bg5 Be7 8. Nd5 b5 9. Nxf6+ Bxf6 10. Bxf6 Qxf6 11. Bd5 Rb8 12. Qd2 Bb7 13. Ng5 Nd8 14. Bxb7 Rxb7 15. Qe3 Qg6 16. Rfe1 Ne6 17. Nxe6 Qxe6 18. d4 exd4 19. Qxd4 d6 20. h3 c5 21. Qd2 b4 22. b3 Qe5 23. Qd3 a5 24. Qa6 Rd7 25. Qxa5 Qd4 26. Qb5 d5 27. Qxd7 dxe4 28. Qxd4 cxd4 29. Rxe4 h6 30. Rxd4 1-0